Southville International School and Colleges
Your cart is empty.
  • Cart
  • Lists
    Public lists Eva Luna New books Lux_list list_1
    Your lists Log in to create your own lists
  • Log in to your account
  • Your cookies
  • Search history
Southville International School and Colleges
  • Advanced search
  • Recent comments
  • Most popular
  • Libraries

Log in to your account

Log in with GOOGLE


If you do not have an external account, but do have a local account, you can still log in:

  1. Home
  2. MARC view: Aling Charing's Filipino & Foreign recipes /
Normal view MARC view ISBD view

Aling Charing's Filipino & Foreign recipes / (Record no. 345307)

[ view plain ]
MARC details
000 -LEADER
fixed length control field 00633nam a2200241Ia 4500
008 - FIXED-LENGTH DATA ELEMENTS--GENERAL INFORMATION
fixed length control field 171120s9999 xx 000 0 und d
020 ## - INTERNATIONAL STANDARD BOOK NUMBER
International Standard Book Number 9710829319
050 ## - LIBRARY OF CONGRESS CALL NUMBER
Classification number 641.59
050 ## - LIBRARY OF CONGRESS CALL NUMBER
Item number F118 1986
100 ## - MAIN ENTRY--PERSONAL NAME
Personal name Fabian, Rosario
245 ## - TITLE STATEMENT
Title Aling Charing's Filipino & Foreign recipes /
245 ## - TITLE STATEMENT
Statement of responsibility, etc by Rosario Fabian and Aling Charing.
260 ## - PUBLICATION, DISTRIBUTION, ETC. (IMPRINT)
Place of publication, distribution, etc Philippines :
260 ## - PUBLICATION, DISTRIBUTION, ETC. (IMPRINT)
Name of publisher, distributor, etc National Book Store,
260 ## - PUBLICATION, DISTRIBUTION, ETC. (IMPRINT)
Date of publication, distribution, etc 1986
300 ## - PHYSICAL DESCRIPTION
Extent 141 pages :
300 ## - PHYSICAL DESCRIPTION
Other physical details illustrations ;
300 ## - PHYSICAL DESCRIPTION
Dimensions 20cm.
650 ## - SUBJECT ADDED ENTRY--TOPICAL TERM
Topical term or geographic name as entry element Cooking, Philippine.
650 ## - SUBJECT ADDED ENTRY--TOPICAL TERM
Topical term or geographic name as entry element International cooking.
700 ## - ADDED ENTRY--PERSONAL NAME
Personal name Charing, Aling.
700 ## - ADDED ENTRY--PERSONAL NAME
Personal name Title.
Holdings
Withdrawn status Lost status Damaged status Home library Current library Date acquired Total Checkouts Full call number Barcode Date last seen Price effective from Koha item type
      Stonyhurst Southville International School (Malarayat) Stonyhurst Southville International School (Malarayat) 11/20/2017   FIL 641.59 F118 1986 SSISM4351 11/20/2017 11/20/2017 Books

Aling Charing's Filipino & Foreign recipes /

APA

Fabian R., Charing A. & Title.Aling Charing's Filipino & Foreign recipes. Philippines: .

Chicago

Fabian Rosario, Charing Aling and Title.Aling Charing's Filipino & Foreign recipes. Philippines: .

Harvard

Fabian R., Charing A. and Title.Aling Charing's Filipino & Foreign recipes. Philippines: .

MLA

Fabian Rosario, Charing Aling and Title.Philippines: . .

  • Place hold
  • Print
  • Cite
  • Add to your cart (remove)
  • Save record
    BIBTEX Dublin Core MARCXML MARC (non-Unicode/MARC-8) MARC (Unicode/UTF-8) MARC (Unicode/UTF-8, Standard) MODS (XML) RIS
  • More searches
    Search for this title in:
    Other Libraries (WorldCat) Other Databases (Google Scholar) Online Stores (Bookfinder.com) Open Library (openlibrary.org)

Exporting to Dublin Core...

SOUTHVILLE LIBRARY

Southville International School and Colleges Library

1281 Tropical Ave. Cor. Luxembourg St., BF Homes International, Las Pinas City

Tel. No. 8256374 / 252358 Loc. 117/146

Powered by Koha